00354nam a22001337a 4500003000400000005001700004020001500021040000600036082002100042100001900063245008700082260003500169300001600204OSt20170105102929.0 a1850658099 a1 a327.73bANS 2006 aAnsari, Ali M. aConfronting IranbThe Failure of American Foreign Policy and the Roots of Mistrust aLondonbHurst & Companycc2006 a280p:b24cm